00648nam a2200181Ia 450000500170000000800460001703700120006304000200007504100130009508400190010824500560012724500810018326000510026430000090031594200190032499900210034395201020036420250508161705.0008 250505s9999 xx 000 0 eng d aTextual aFEDLbengcFEDL aeng2eng a669, INTqFEDL 0aPrecision measurement in the metal working industry 0cInternational Business Machines Corporation, (Department of Education of...) aNew York, USAbSyracuse University Pressc1966 a365p cTEXLh669, INT c1371574d1371574 00104070aFEDLbFEDLd2025-05-08l0o669, INTpEL0059589r2025-05-08 16:17:05w2025-05-08yTEXL